| Tag |
First Indicator |
Second Indicator |
Subfields |
| LEADER |
00000nam a2200000Ia 4500 |
| 001 |
in00004337708 |
| 005 |
20200812094244.0 |
| 006 |
m g d |
| 007 |
cr bn |||a|bb| |
| 008 |
100521s1691 enk o 000 0 eng d |
| 040 |
|
|
|a UMI
|c UMI
|e dcrb
|
| 035 |
|
|
|a (OCoLC)625106230
|
| 037 |
|
|
|a CL0037000133
|b ProQuest, 789 E. Eisenhower Parkway, Ann Arbor, MI 48108-3218
|
| 043 |
|
|
|a e-be---
|
| 090 |
|
|
|a D280.M6
|b F84 1691
|
| 049 |
|
|
|a UMIA
|
| 245 |
0 |
3 |
|a An account of the siege of Mons.
|
| 260 |
|
|
|a [London] :
|b Printed by Edward Jones in the Savoy,
|c 1690 [id est 1691].
|
| 300 |
|
|
|a 1 online resource (1 sheet (2 pages)
|
| 336 |
|
|
|a text
|b txt
|2 rdacontent
|
| 337 |
|
|
|a computer
|b c
|2 rdamedia
|
| 338 |
|
|
|a online resource
|b cr
|2 rdacarrier
|
| 500 |
|
|
|a Caption title.
|
| 500 |
|
|
|a Imprint from colophon.
|
| 500 |
|
|
|a "Published by authority."
|
| 500 |
|
|
|a "Hague, March 30. N. S. 1691."
|
| 500 |
|
|
|a Reproduction of original in: Beinecke Rare Book and Manuscript Library.
|
| 510 |
4 |
|
|a Wing (2nd edition),
|c A387C
|
| 533 |
|
|
|a Electronic reproduction.
|b Ann Arbor, Mich. :
|c UMI,
|d 1999-
|f (Early English books online)
|n Digital version of: (Early English Books, 1641-1700 ; 2961:5)
|7 s1999 miun s
|
| 651 |
|
0 |
|a Mons (Belgium)
|x History
|y Siege, 1691
|v Early works to 1800.
|
| 650 |
|
0 |
|a Grand Alliance, War of the, 1689-1697
|x Campaigns
|z Belgium
|v Early works to 1800.
|
| 655 |
|
7 |
|a Broadsides
|z England
|y 17th century.
|2 rbgenr
|
| 830 |
|
0 |
|a Early English books online.
|
| 856 |
4 |
0 |
|u http://proxy.library.tamu.edu/login?url=https://search.proquest.com/docview/2248531933
|z Connect to the full text of this electronic book
|t 0
|
| 994 |
|
|
|a 02
|b UMI
|
| 999 |
f |
f |
|s 44503333-c53f-37e2-bd72-ac6863afde08
|i ef7fb63a-a0b0-3309-95eb-10d1374ca8c3
|t 0
|
| 952 |
f |
f |
|a Texas A&M University
|b College Station
|c Electronic Resources
|d Available Online
|t 0
|e D280.M6 F84 1691
|h Library of Congress classification
|
| 998 |
f |
f |
|a D280.M6 F84 1691
|t 0
|l Available Online
|